[Event "DVM U14 2022"]
[Site "Kelheim GER"]
[Date "2022.12.30"]
[Round "7"]
[White "Bräutigam, Alexander"]
[Black "Patzschke, Carlo"]
[Result "1-0"]
[Termination "normal"]
[Board "2.2"]
[WhiteElo "1941"]
[BlackElo "1600"]
[WhiteClock "01:07:49"]
[BlackClock "00:33:31"]
[WhiteTeam "SK Doppelbauer Kiel"]
[BlackTeam "USV Halle"]
[PlyCount "47"]
[WhiteFideId "16245210"]
[BlackFideId "34617973"]
[EventCountry "GER"]
[EventRounds "7"]
[EventType "team-swiss"]
[EventDate "2022.12.26"]

1. c4 {[%clk 01:30:58]} {[%emt 00:00:01]} Nf6 {[%clk 01:30:54]} {[%emt
00:00:07]} 2. Nc3 {[%clk 01:31:23]} {[%emt 00:00:05]} e5 {[%clk 01:31:19]}
{[%emt 00:00:05]} 3. g3 {[%clk 01:31:45]} {[%emt 00:00:07]} d5 {[%clk
01:31:37]} {[%emt 00:00:12]} 4. cxd5 {[%clk 01:32:09]} {[%emt 00:00:06]} Nxd5
{[%clk 01:32:03]} {[%emt 00:00:05]} 5. Bg2 {[%clk 01:32:34]} {[%emt 00:00:05]}
Nb6 {[%clk 01:32:27]} {[%emt 00:00:06]} 6. Nf3 {[%clk 01:32:55]} {[%emt
00:00:09]} Nc6 {[%clk 01:32:50]} {[%emt 00:00:06]} 7. O-O {[%clk 01:33:16]}
{[%emt 00:00:09]} Be7 {[%clk 01:33:13]} {[%emt 00:00:07]} 8. d3 {[%clk
01:33:29]} {[%emt 00:00:17]} O-O {[%clk 01:33:00]} {[%emt 00:00:43]} 9. a3
{[%clk 01:33:10]} {[%emt 00:00:48]} Be6 {[%clk 01:25:42]} {[%emt 00:07:49]} 10.
b4 {[%clk 01:31:25]} {[%emt 00:02:15]} a6 {[%clk 01:24:16]} {[%emt 00:01:57]}
11. Bb2 {[%clk 01:31:03]} {[%emt 00:00:50]} f6 {[%clk 01:24:32]} {[%emt
00:00:15]} 12. Rc1 {[%clk 01:29:24]} {[%emt 00:02:09]} Qd7 {[%clk 01:22:25]}
{[%emt 00:02:37]} 13. Qc2 {[%clk 01:25:51]} {[%emt 00:04:02]} Rfd8 {[%clk
01:17:17]} {[%emt 00:05:39]} 14. Ne4 {[%clk 01:22:54]} {[%emt 00:03:27]} Kh8
{[%clk 01:11:34]} {[%emt 00:06:14]} 15. Nfd2 {[%clk 01:21:33]} {[%emt
00:01:49]} f5 {[%clk 01:03:02]} {[%emt 00:09:03]} 16. Nc5 {[%clk 01:20:50]}
{[%emt 00:01:14]} Bxc5 {[%clk 01:03:23]} {[%emt 00:00:09]} 17. bxc5 {[%clk
01:20:20]} {[%emt 00:01:00]} Nd5 {[%clk 01:00:26]} {[%emt 00:03:26]} 18. Nc4
{[%clk 01:20:31]} {[%emt 00:00:18]} Nd4 {[%clk 00:55:19]} {[%emt 00:05:38]} 19.
Nxe5 {[%clk 01:09:12]} {[%emt 00:11:49]} Nxc2 {[%clk 00:55:08]} {[%emt
00:00:41]} 20. Nxd7 {[%clk 01:09:22]} {[%emt 00:00:19]} Nxa3 {[%clk 00:52:49]}
{[%emt 00:02:49]} 21. c6 {[%clk 01:08:28]} {[%emt 00:01:26]} Nb5 {[%clk
00:39:48]} {[%emt 00:13:30]} 22. cxb7 {[%clk 01:07:15]} {[%emt 00:01:43]} Ra7
{[%clk 00:33:14]} {[%emt 00:07:04]} 23. b8=Q {[%emt 00:00:20]} Rxb8 {[%clk
00:33:31]} {[%emt 00:00:11]} 24. Nxb8 {[%clk 01:07:49]} {[%emt 00:00:07]} 1-0

[Event "DVM U14 2022"]
[Site "Kelheim GER"]
[Date "2022.12.30"]
[Round "7"]
[White "Lischka, Marten"]
[Black "Vollbehr, Bjarne"]
[Result "0-1"]
[Termination "normal"]
[Board "2.3"]
[WhiteElo "1598"]
[BlackElo "1791"]
[WhiteClock "00:12:56"]
[BlackClock "01:10:56"]
[WhiteTeam "USV Halle"]
[BlackTeam "SK Doppelbauer Kiel"]
[PlyCount "80"]
[WhiteFideId "34603328"]
[BlackFideId "34606025"]
[EventCountry "GER"]
[EventRounds "7"]
[EventType "team-swiss"]
[EventDate "2022.12.26"]

1. e4 {[%clk 01:30:57]} {[%emt 00:00:02]} g6 {[%clk 01:30:53]} {[%emt
00:00:07]} 2. d4 {[%clk 01:31:23]} {[%emt 00:00:05]} Bg7 {[%clk 01:31:19]}
{[%emt 00:00:04]} 3. Nc3 {[%clk 01:31:08]} {[%emt 00:00:45]} a6 {[%clk
01:31:45]} {[%emt 00:00:04]} 4. Be3 {[%clk 01:31:20]} {[%emt 00:00:19]} b5
{[%clk 01:32:10]} {[%emt 00:00:04]} 5. Qd2 {[%clk 01:30:01]} {[%emt 00:01:49]}
d6 {[%clk 01:32:28]} {[%emt 00:00:11]} 6. h4 {[%clk 01:29:52]} {[%emt
00:00:39]} h5 {[%clk 01:32:53]} {[%emt 00:00:05]} 7. f3 {[%clk 01:29:45]}
{[%emt 00:00:37]} Nd7 {[%clk 01:32:57]} {[%emt 00:00:26]} 8. Nh3 {[%clk
01:29:45]} {[%emt 00:00:29]} Bb7 {[%clk 01:33:20]} {[%emt 00:00:07]} 9. Ng5
{[%clk 01:29:47]} {[%emt 00:00:29]} Rc8 {[%clk 01:33:38]} {[%emt 00:00:12]} 10.
a4 {[%clk 01:21:10]} {[%emt 00:09:07]} b4 {[%clk 01:33:09]} {[%emt 00:00:59]}
11. Nd1 {[%clk 01:19:25]} {[%emt 00:02:15]} a5 {[%clk 01:32:58]} {[%emt
00:00:41]} 12. Bb5 {[%clk 01:17:49]} {[%emt 00:02:06]} Ngf6 {[%clk 01:32:03]}
{[%emt 00:01:25]} 13. e5 {[%clk 01:14:01]} {[%emt 00:04:18]} c6 {[%clk
01:31:35]} {[%emt 00:00:57]} 14. exf6 {[%clk 01:10:27]} {[%emt 00:04:05]} exf6
{[%clk 01:31:56]} {[%emt 00:00:09]} 15. Ne4 {[%clk 01:08:31]} {[%emt 00:02:25]}
Qe7 {[%clk 01:30:37]} {[%emt 00:01:49]} 16. Be2 {[%clk 01:06:50]} {[%emt
00:02:11]} c5 {[%clk 01:29:31]} {[%emt 00:01:36]} 17. dxc5 {[%clk 01:00:55]}
{[%emt 00:06:25]} Bxe4 {[%clk 01:29:30]} {[%emt 00:00:32]} 18. cxd6 {[%clk
00:51:22]} {[%emt 00:10:03]} Qe6 {[%clk 01:29:39]} {[%emt 00:00:19]} 19. fxe4
{[%clk 00:50:31]} {[%emt 00:01:22]} Qxe4 {[%clk 01:29:50]} {[%emt 00:00:20]}
20. Bd3 {[%clk 00:49:23]} {[%emt 00:01:39]} Qg4 {[%clk 01:28:58]} {[%emt
00:01:21]} 21. Qe2 {[%clk 00:48:08]} {[%emt 00:01:45]} O-O {[%clk 01:28:37]}
{[%emt 00:00:51]} 22. Qxg4 {[%clk 00:47:46]} {[%emt 00:00:52]} hxg4 {[%clk
01:28:58]} {[%emt 00:00:09]} 23. O-O {[%clk 00:47:14]} {[%emt 00:01:02]} f5
{[%clk 01:28:39]} {[%emt 00:00:48]} 24. Bb5 {[%clk 00:44:45]} {[%emt 00:03:00]}
Ne5 {[%clk 01:27:01]} {[%emt 00:02:08]} 25. c3 {[%clk 00:41:03]} {[%emt
00:04:11]} Nc4 {[%clk 01:23:11]} {[%emt 00:04:21]} 26. d7 {[%clk 00:39:50]}
{[%emt 00:01:42]} Rc7 {[%clk 01:23:09]} {[%emt 00:00:32]} 27. Bf4 {[%clk
00:35:51]} {[%emt 00:04:29]} Ne5 {[%clk 01:23:16]} {[%emt 00:00:23]} 28. Re1
{[%clk 00:34:00]} {[%emt 00:02:21]} f6 {[%clk 01:23:39]} {[%emt 00:00:08]} 29.
cxb4 {[%clk 00:27:06]} {[%emt 00:07:24]} axb4 {[%clk 01:23:42]} {[%emt
00:00:26]} 30. Ne3 {[%clk 00:25:53]} {[%emt 00:01:43]} Rb7 {[%clk 01:22:17]}
{[%emt 00:01:54]} 31. Red1 {[%clk 00:22:43]} {[%emt 00:03:41]} Rd8 {[%clk
01:22:24]} {[%emt 00:00:23]} 32. Rac1 {[%clk 00:19:09]} {[%emt 00:04:05]} Bf8
{[%clk 01:20:56]} {[%emt 00:01:58]} 33. Rc8 {[%clk 00:18:46]} {[%emt 00:00:53]}
Be7 {[%clk 01:21:14]} {[%emt 00:00:11]} 34. Nd5 {[%clk 00:17:57]} {[%emt
00:01:20]} Kf7 {[%clk 01:21:08]} {[%emt 00:00:35]} 35. Bxe5 {[%clk 00:16:40]}
{[%emt 00:01:48]} fxe5 {[%clk 01:21:21]} {[%emt 00:00:17]} 36. Nxb4 {[%clk
00:16:53]} {[%emt 00:00:17]} Ke6 {[%clk 01:15:20]} {[%emt 00:06:31]} 37. Kh1
{[%clk 00:13:05]} {[%emt 00:04:19]} Bxh4 {[%clk 01:10:24]} {[%emt 00:05:25]}
38. Rxd8 {[%clk 00:12:18]} {[%emt 00:01:17]} Bxd8 {[%clk 01:10:39]} {[%emt
00:00:15]} 39. Nc6 {[%clk 00:12:35]} {[%emt 00:00:14]} Bb6 {[%clk 01:10:36]}
{[%emt 00:00:33]} 40. d8=Q {[%clk 00:12:56]} {[%emt 00:00:09]} Rh7 {[%clk
01:10:56]} {[%emt 00:00:10]} 0-1

[Event "DVM U14 2022"]
[Site "Kelheim GER"]
[Date "2022.12.30"]
[Round "7"]
[White "Li, Luxuan"]
[Black "Haase, Alexander"]
[Result "0-1"]
[Termination "normal"]
[Board "2.4"]
[WhiteElo "1380"]
[BlackElo "1432"]
[WhiteClock "00:30:45"]
[BlackClock "00:29:14"]
[WhiteTeam "SK Doppelbauer Kiel"]
[BlackTeam "USV Halle"]
[PlyCount "62"]
[WhiteFideId "34617507"]
[BlackFideId "34606602"]
[EventCountry "GER"]
[EventRounds "7"]
[EventType "team-swiss"]
[EventDate "2022.12.26"]

1. e4 {[%clk 01:30:36]} {[%emt 00:00:24]} c6 {[%clk 01:30:53]} {[%emt
00:00:08]} 2. Nc3 {[%clk 01:30:53]} {[%emt 00:00:13]} d5 {[%clk 01:31:14]}
{[%emt 00:00:08]} 3. Nf3 {[%clk 01:31:10]} {[%emt 00:00:13]} dxe4 {[%clk
01:31:34]} {[%emt 00:00:11]} 4. Nxe4 {[%clk 01:31:22]} {[%emt 00:00:17]} Bf5
{[%clk 01:31:53]} {[%emt 00:00:11]} 5. Ng3 {[%clk 01:31:33]} {[%emt 00:00:20]}
Bg6 {[%clk 01:32:15]} {[%emt 00:00:08]} 6. d4 {[%clk 01:30:28]} {[%emt
00:01:36]} Nd7 {[%clk 01:29:29]} {[%emt 00:03:14]} 7. Bc4 {[%clk 01:27:35]}
{[%emt 00:03:23]} Ngf6 {[%clk 01:29:26]} {[%emt 00:00:34]} 8. O-O {[%clk
01:26:35]} {[%emt 00:01:30]} Qc7 {[%clk 01:29:10]} {[%emt 00:00:45]} 9. Nh4
{[%clk 01:25:26]} {[%emt 00:01:40]} e6 {[%clk 01:25:10]} {[%emt 00:04:29]} 10.
Nxg6 {[%clk 01:24:57]} {[%emt 00:00:59]} hxg6 {[%clk 01:25:06]} {[%emt
00:00:35]} 11. h3 {[%clk 01:23:15]} {[%emt 00:02:12]} Bd6 {[%clk 01:23:05]}
{[%emt 00:02:31]} 12. Qf3 {[%clk 01:20:40]} {[%emt 00:03:05]} O-O-O {[%clk
01:18:01]} {[%emt 00:05:34]} 13. Bd3 {[%clk 01:17:42]} {[%emt 00:03:27]} e5
{[%clk 01:13:37]} {[%emt 00:04:55]} 14. Ne4 {[%clk 01:07:23]} {[%emt 00:10:49]}
Nxe4 {[%clk 01:05:16]} {[%emt 00:08:51]} 15. dxe5 {[%clk 01:01:09]} {[%emt
00:06:44]} Nxe5 {[%clk 01:03:11]} {[%emt 00:02:34]} 16. Qxe4 {[%clk 01:00:24]}
{[%emt 00:01:16]} Nxd3 {[%clk 01:01:45]} {[%emt 00:01:56]} 17. cxd3 {[%clk
01:00:22]} {[%emt 00:00:31]} Qd7 {[%clk 01:00:01]} {[%emt 00:02:14]} 18. Be3
{[%clk 00:55:53]} {[%emt 00:04:59]} Bc7 {[%clk 00:55:15]} {[%emt 00:05:15]} 19.
Rfd1 {[%clk 00:52:22]} {[%emt 00:04:02]} Qd6 {[%clk 00:54:37]} {[%emt
00:01:08]} 20. g3 {[%clk 00:51:04]} {[%emt 00:01:49]} f5 {[%clk 00:47:15]}
{[%emt 00:07:51]} 21. Qa4 {[%clk 00:47:07]} {[%emt 00:04:27]} Rxh3 {[%clk
00:41:40]} {[%emt 00:06:06]} 22. Qxa7 {[%clk 00:44:33]} {[%emt 00:03:03]} Qd5
{[%clk 00:40:02]} {[%emt 00:02:09]} 23. Kf1 {[%clk 00:44:18]} {[%emt 00:00:45]}
Qf3 {[%clk 00:36:09]} {[%emt 00:04:23]} 24. Ke1 {[%clk 00:43:24]} {[%emt
00:01:25]} Rh2 {[%clk 00:31:42]} {[%emt 00:04:57]} 25. Qa8 {[%clk 00:40:27]}
{[%emt 00:03:26]} Bb8 {[%clk 00:28:52]} {[%emt 00:03:20]} 26. Kd2 {[%clk
00:33:16]} {[%emt 00:07:41]} Rxf2 {[%clk 00:27:59]} {[%emt 00:01:23]} 27. Bxf2
{[%clk 00:30:55]} {[%emt 00:02:52]} Qxd3 {[%clk 00:28:18]} {[%emt 00:00:10]}
28. Ke1 {[%clk 00:30:43]} {[%emt 00:00:43]} Re8 {[%clk 00:28:37]} {[%emt
00:00:11]} 29. Be3 {[%clk 00:30:40]} {[%emt 00:00:33]} Rxe3 {[%clk 00:28:55]}
{[%emt 00:00:11]} 30. Kf2 {[%clk 00:30:50]} {[%emt 00:00:21]} Qe2 {[%clk
00:28:45]} {[%emt 00:00:39]} 31. Kg1 {[%clk 00:30:45]} {[%emt 00:00:35]} Rxg3
{[%clk 00:29:14]} {[%emt 00:00:02]} 0-1

[Event "DVM U14 2022"]
[Site "Kelheim GER"]
[Date "2022.12.30"]
[Round "7"]
[White "Fruth, David"]
[Black "Korchynskyi, Mykola"]
[Result "0-1"]
[Termination "normal"]
[Board "3.1"]
[WhiteElo "1976"]
[BlackElo "1861"]
[WhiteClock "01:15:28"]
[BlackClock "00:19:13"]
[WhiteTeam "USV TU Dresden"]
[BlackTeam "Schachfreunde Essen-Katernberg 04/32 e. V."]
[PlyCount "78"]
[WhiteFideId "16257596"]
[BlackFideId "34138005"]
[EventCountry "GER"]
[EventRounds "7"]
[EventType "team-swiss"]
[EventDate "2022.12.26"]

1. e4 {[%clk 01:30:21]} {[%emt 00:00:38]} e6 {[%clk 01:30:54]} {[%emt
00:00:07]} 2. d4 {[%clk 01:30:43]} {[%emt 00:00:07]} d5 {[%clk 01:31:20]}
{[%emt 00:00:04]} 3. Nc3 {[%clk 01:30:57]} {[%emt 00:00:16]} Bb4 {[%clk
01:31:27]} {[%emt 00:00:23]} 4. exd5 {[%clk 01:31:04]} {[%emt 00:00:23]} exd5
{[%clk 01:30:33]} {[%emt 00:01:24]} 5. Bd3 {[%clk 01:31:30]} {[%emt 00:00:04]}
Ne7 {[%clk 01:30:06]} {[%emt 00:00:57]} 6. Nge2 {[%clk 01:31:53]} {[%emt
00:00:07]} Nbc6 {[%clk 01:29:05]} {[%emt 00:01:31]} 7. Be3 {[%clk 01:31:25]}
{[%emt 00:00:58]} Bf5 {[%clk 01:27:54]} {[%emt 00:01:41]} 8. Ng3 {[%clk
01:31:18]} {[%emt 00:00:38]} Bg6 {[%clk 01:27:23]} {[%emt 00:00:59]} 9. O-O
{[%clk 01:28:53]} {[%emt 00:02:57]} Qd7 {[%clk 01:23:34]} {[%emt 00:04:17]} 10.
Qe2 {[%clk 01:28:23]} {[%emt 00:01:00]} O-O-O {[%clk 01:20:21]} {[%emt
00:03:44]} 11. a3 {[%clk 01:28:21]} {[%emt 00:00:32]} Bd6 {[%clk 01:19:40]}
{[%emt 00:01:11]} 12. b4 {[%clk 01:28:26]} {[%emt 00:00:25]} h5 {[%clk
01:19:24]} {[%emt 00:00:47]} 13. Bxg6 {[%clk 01:26:51]} {[%emt 00:02:04]} fxg6
{[%clk 01:11:32]} {[%emt 00:08:22]} 14. Rfb1 {[%clk 01:26:52]} {[%emt
00:00:29]} h4 {[%clk 01:09:38]} {[%emt 00:02:24]} 15. Nf1 {[%clk 01:27:20]}
{[%emt 00:00:02]} Nf5 {[%clk 01:09:18]} {[%emt 00:00:50]} 16. Nb5 {[%clk
01:26:10]} {[%emt 00:01:40]} h3 {[%clk 01:07:51]} {[%emt 00:01:57]} 17. g3
{[%clk 01:26:30]} {[%emt 00:00:10]} Rde8 {[%clk 01:03:45]} {[%emt 00:04:35]}
18. Nxd6 {[%clk 01:25:03]} {[%emt 00:01:58]} Qxd6 {[%clk 01:03:05]} {[%emt
00:01:09]} 19. Qd3 {[%clk 01:25:17]} {[%emt 00:00:17]} Qf6 {[%clk 01:01:21]}
{[%emt 00:02:12]} 20. c3 {[%clk 01:22:53]} {[%emt 00:02:56]} Re4 {[%clk
00:54:48]} {[%emt 00:07:01]} 21. Nd2 {[%clk 01:22:05]} {[%emt 00:01:21]} Re7
{[%clk 00:51:40]} {[%emt 00:03:32]} 22. a4 {[%clk 01:20:41]} {[%emt 00:01:59]}
Rhe8 {[%clk 00:47:22]} {[%emt 00:04:44]} 23. Re1 {[%clk 01:20:02]} {[%emt
00:01:14]} Nh6 {[%clk 00:45:41]} {[%emt 00:02:05]} 24. Re2 {[%clk 01:18:20]}
{[%emt 00:02:17]} g5 {[%clk 00:41:32]} {[%emt 00:04:39]} 25. Rae1 {[%emt
00:03:24]} Nf7 {[%clk 00:40:13]} {[%emt 00:00:28]} 26. f4 {[%clk 01:17:04]}
{[%emt 00:00:13]} g4 {[%clk 00:39:43]} {[%emt 00:00:57]} 27. Bf2 {[%clk
01:17:13]} {[%emt 00:00:23]} Nd6 {[%clk 00:39:10]} {[%emt 00:00:59]} 28. Kf1
{[%clk 01:17:09]} {[%emt 00:00:38]} a6 {[%clk 00:28:47]} {[%emt 00:10:54]} 29.
Rxe7 {[%clk 01:15:43]} {[%emt 00:01:56]} Rxe7 {[%clk 00:29:09]} {[%emt
00:00:08]} 30. Rxe7 {[%clk 01:16:05]} Nxe7 {[%clk 00:29:34]} {[%emt 00:00:12]}
31. c4 {[%clk 01:15:21]} {[%emt 00:01:15]} Qe6 {[%clk 00:25:59]} {[%emt
00:04:04]} 32. c5 {[%clk 01:15:14]} {[%emt 00:00:38]} Ne4 {[%clk 00:24:48]}
{[%emt 00:01:36]} 33. Nb3 {[%clk 01:14:33]} {[%emt 00:01:16]} g5 {[%clk
00:20:22]} {[%emt 00:04:55]} 34. fxg5 {[%clk 01:14:49]} {[%emt 00:00:15]} Nxg5
{[%clk 00:20:49]} {[%emt 00:00:03]} 35. Nd2 {[%clk 01:14:46]} {[%emt 00:00:33]}
Nf5 {[%clk 00:20:03]} {[%emt 00:01:14]} 36. Qe2 {[%clk 01:14:32]} {[%emt
00:00:45]} Ne4 {[%clk 00:19:00]} {[%emt 00:01:24]} 37. b5 {[%clk 01:14:35]}
{[%emt 00:00:36]} Nexg3 {[%clk 00:18:30]} {[%emt 00:01:01]} 38. Bxg3 {[%clk
01:15:02]} {[%emt 00:00:03]} Nxg3 {[%clk 00:18:48]} {[%emt 00:00:12]} 39. hxg3
{[%clk 01:15:28]} {[%emt 00:00:04]} Qxe2 {[%clk 00:19:13]} {[%emt 00:00:05]}
0-1

[Event "DVM U14 2022"]
[Site "Kelheim GER"]
[Date "2022.12.30"]
[Round "7"]
[White "Berresheim, Nils"]
[Black "Espig, Nils"]
[Result "1-0"]
[Termination "normal"]
[Board "3.2"]
[WhiteElo "1755"]
[BlackElo "1608"]
[WhiteClock "00:09:58"]
[BlackClock "00:34:27"]
[WhiteTeam "Schachfreunde Essen-Katernberg 04/32 e. V."]
[BlackTeam "USV TU Dresden"]
[PlyCount "43"]
[WhiteFideId "16246306"]
[BlackFideId "16236980"]
[EventCountry "GER"]
[EventRounds "7"]
[EventType "team-swiss"]
[EventDate "2022.12.26"]

1. c4 {[%clk 01:30:46]} {[%emt 00:00:15]} Nf6 {[%clk 01:30:30]} {[%emt
00:00:30]} 2. Nf3 {[%clk 01:30:21]} {[%emt 00:00:54]} Nc6 {[%clk 01:29:48]}
{[%emt 00:01:13]} 3. d4 {[%clk 01:27:44]} {[%emt 00:03:08]} d5 {[%clk
01:28:53]} {[%emt 00:01:25]} 4. cxd5 {[%clk 01:26:24]} {[%emt 00:01:49]} Nxd5
{[%clk 01:29:16]} {[%emt 00:00:07]} 5. e4 {[%clk 01:24:35]} {[%emt 00:02:18]}
Nf6 {[%clk 01:25:35]} {[%emt 00:04:12]} 6. Nc3 {[%clk 01:23:18]} {[%emt
00:01:47]} e6 {[%clk 01:25:33]} {[%emt 00:00:32]} 7. Bb5 {[%clk 01:18:53]}
{[%emt 00:04:55]} Bd7 {[%clk 01:24:04]} {[%emt 00:02:00]} 8. O-O {[%clk
01:16:47]} {[%emt 00:02:35]} a6 {[%clk 01:21:40]} {[%emt 00:02:54]} 9. Bd3
{[%clk 01:14:11]} {[%emt 00:03:05]} Nb4 {[%clk 01:19:08]} {[%emt 00:03:03]} 10.
Bb1 {[%clk 01:10:25]} {[%emt 00:04:15]} c5 {[%clk 01:18:46]} {[%emt 00:00:53]}
11. d5 {[%clk 01:04:54]} {[%emt 00:06:01]} a5 {[%clk 01:05:31]} {[%emt
00:13:45]} 12. a3 {[%clk 00:56:48]} {[%emt 00:08:37]} Na6 {[%clk 01:05:53]}
{[%emt 00:00:08]} 13. Bf4 {[%clk 00:50:06]} {[%emt 00:07:11]} Qb6 {[%clk
01:02:44]} {[%emt 00:03:38]} 14. Bd3 {[%clk 00:42:47]} {[%emt 00:07:49]} O-O-O
{[%clk 00:58:06]} {[%emt 00:05:09]} 15. Ne5 {[%clk 00:34:40]} {[%emt 00:08:36]}
Be8 {[%clk 00:50:10]} {[%emt 00:08:26]} 16. Nc4 {[%clk 00:32:09]} {[%emt
00:03:02]} Qa7 {[%clk 00:50:06]} {[%emt 00:00:35]} 17. Qb3 {[%clk 00:31:22]}
{[%emt 00:01:17]} b5 {[%clk 00:43:34]} {[%emt 00:07:01]} 18. Nxb5 {[%clk
00:28:55]} {[%emt 00:03:00]} Bxb5 {[%clk 00:44:02]} 19. Qxb5 {[%clk 00:29:14]}
{[%emt 00:00:10]} Nc7 {[%clk 00:40:20]} {[%emt 00:04:12]} 20. Qc6 {[%clk
00:10:56]} {[%emt 00:18:48]} Qb7 {[%clk 00:34:03]} {[%emt 00:06:47]} 21. Nb6
{[%clk 00:09:45]} {[%emt 00:01:41]} Kb8 {[%clk 00:34:27]} {[%emt 00:00:07]} 22.
Bxc7 {[%clk 00:09:58]} {[%emt 00:00:15]} 1-0

[Event "DVM U14 2022"]
[Site "Kelheim GER"]
[Date "2022.12.30"]
[Round "7"]
[White "Sato, Kai"]
[Black "Goldkuhle, Collin"]
[Result "1/2-1/2"]
[Termination "normal"]
[Board "3.3"]
[WhiteElo "1432"]
[BlackElo "1464"]
[WhiteClock "00:16:01"]
[BlackClock "00:16:21"]
[WhiteTeam "USV TU Dresden"]
[BlackTeam "Schachfreunde Essen-Katernberg 04/32 e. V."]
[PlyCount "48"]
[WhiteFideId "34605630"]
[BlackFideId "16271106"]
[EventCountry "GER"]
[EventRounds "7"]
[EventType "team-swiss"]
[EventDate "2022.12.26"]

1. e4 {[%clk 01:30:59]} c5 {[%clk 01:30:52]} {[%emt 00:00:08]} 2. Nf3 {[%clk
01:31:27]} {[%emt 00:00:03]} Nc6 {[%clk 01:31:19]} {[%emt 00:00:03]} 3. Bb5
{[%clk 01:31:51]} {[%emt 00:00:06]} g6 {[%clk 01:31:30]} {[%emt 00:00:19]} 4.
O-O {[%clk 01:31:47]} {[%emt 00:00:34]} Bg7 {[%clk 01:31:55]} {[%emt 00:00:05]}
5. Bxc6 {[%clk 01:31:52]} {[%emt 00:00:26]} dxc6 {[%clk 01:26:54]} {[%emt
00:05:30]} 6. d3 {[%clk 01:31:43]} {[%emt 00:00:38]} Bg4 {[%clk 01:22:33]}
{[%emt 00:04:51]} 7. h3 {[%clk 01:24:15]} {[%emt 00:07:59]} Bxf3 {[%clk
01:21:34]} {[%emt 00:01:30]} 8. Qxf3 {[%clk 01:24:38]} {[%emt 00:00:07]} Nf6
{[%clk 01:21:13]} {[%emt 00:00:51]} 9. Nc3 {[%clk 01:23:45]} {[%emt 00:01:22]}
Nd7 {[%clk 01:16:15]} {[%emt 00:05:28]} 10. Bd2 {[%clk 01:19:53]} {[%emt
00:04:23]} e5 {[%clk 01:14:30]} {[%emt 00:02:15]} 11. Qg3 {[%clk 01:13:18]}
{[%emt 00:07:04]} O-O {[%clk 01:10:40]} {[%emt 00:04:21]} 12. f4 {[%clk
01:09:01]} {[%emt 00:04:47]} b5 {[%clk 01:01:47]} {[%emt 00:09:23]} 13. f5
{[%clk 01:07:05]} {[%emt 00:02:25]} Qe7 {[%clk 00:52:33]} {[%emt 00:09:43]} 14.
Rf3 {[%clk 00:58:20]} {[%emt 00:09:16]} Qd6 {[%clk 00:44:46]} {[%emt 00:08:17]}
15. Ne2 {[%clk 00:51:14]} {[%emt 00:07:35]} b4 {[%clk 00:42:23]} {[%emt
00:02:53]} 16. Be3 {[%clk 00:45:55]} {[%emt 00:05:49]} Nf6 {[%clk 00:39:18]}
{[%emt 00:03:34]} 17. Kh1 {[%clk 00:43:13]} {[%emt 00:03:13]} a5 {[%clk
00:36:43]} {[%emt 00:03:05]} 18. Qf2 {[%clk 00:36:10]} {[%emt 00:07:33]} Nd7
{[%clk 00:35:33]} {[%emt 00:01:40]} 19. b3 {[%clk 00:34:26]} {[%emt 00:02:14]}
a4 {[%clk 00:27:36]} {[%emt 00:08:26]} 20. g4 {[%clk 00:26:45]} {[%emt
00:08:12]} h6 {[%clk 00:22:47]} {[%emt 00:05:18]} 21. g5 {[%clk 00:22:05]}
{[%emt 00:05:10]} hxg5 {[%clk 00:17:27]} {[%emt 00:05:51]} 22. Bxg5 {[%clk
00:19:54]} {[%emt 00:02:41]} f6 {[%clk 00:16:53]} {[%emt 00:01:04]} 23. Be3
{[%clk 00:18:31]} {[%emt 00:01:52]} g5 {[%clk 00:16:24]} {[%emt 00:00:59]} 24.
Rg1 {[%clk 00:16:01]} {[%emt 00:03:00]} Kf7 {[%clk 00:16:21]} {[%emt 00:00:34]}
1/2-1/2